Obras completas / (Record no. 36116)

MARC details
000 -LEADER
campo de control de longitud fija 01450nam a2200337 i 4500
001 - NÚMERO DE CONTROL
campo de control 36116
003 - IDENTIFICADOR DE NÚMERO DE CONTROL
campo de control ES-MaACL
005 - FECHA Y HORA DE LA ÚLTIMA TRANSACCIÓN
campo de control 20230906155314.0
007 - CAMPO FIJO DE DESCRIPCIÓN FÍSICA--INFORMACIÓN GENERAL
campo de control de longitud fija t|
008 - DATOS DE LONGITUD FIJA--INFORMACIÓN GENERAL
campo de control de longitud fija 030217s1960 sp ||||1| spa d
100 1# - ENTRADA PRINCIPAL--NOMBRE DE PERSONA
Nombre de persona Bromfield, Louis.
9 (RLIN) 31885
245 10 - MENCIÓN DEL TÍTULO
Título Obras completas /
Mención de responsabilidad, etc. Louis Bromfield ; prólogo de Salvador Bordoy Luque.
260 ## - PUBLICACIÓN, DISTRIBUCIÓN, ETC.
Lugar de publicación, distribución, etc. Madrid :
Nombre del editor, distribuidor, etc. Aguilar Sánchez Beal,
Fecha de publicación, distribución, etc. 1960.
300 ## - DESCRIPCIÓN FÍSICA
Extensión 3 v. :
Otras características físicas retr. aut. ;
Dimensiones 22 cm.
505 8# - NOTA DE CONTENIDO CON FORMATO
Nota de contenido con formato Contiene: V. I: El río salvaje / traducción de Santiago Valdanzo. -- V. II: Vinieron las lluvias / traducción de Juan García Puente. Noche en Bombay / traducción de Santiago Valdanzo. Miss Parkington / traducción de Antonio Valencia. La selva / traducción de Mª Virginia Martínez Abaría. -- V. III: El árbol de Bahía Verde / traducción del inglés por Juan García Puente. Otoño Precoz. Una buena mujer. La granja
700 1# - ENTRADA AGREGADA--NOMBRE PERSONAL
Nombre de persona Bordoy Luque, Salvador.
9 (RLIN) 30424
700 1# - ENTRADA AGREGADA--NOMBRE PERSONAL
Nombre de persona Valdanzo, Santiago.
9 (RLIN) 112478
700 1# - ENTRADA AGREGADA--NOMBRE PERSONAL
Nombre de persona García-Puente, Juan.
9 (RLIN) 55139
700 1# - ENTRADA AGREGADA--NOMBRE PERSONAL
Nombre de persona Valencia, Antonio.
9 (RLIN) 112563
700 1# - ENTRADA AGREGADA--NOMBRE PERSONAL
Nombre de persona Martínez Abaría, María Virginia.
9 (RLIN) 77816
740 3# - ENTRADA AGREGADA--TÍTULO RELACIONADO/ANALÍTICO NO CONTROLADO
Título relacionado o analítico no controlado El río salvaje.
740 0# - ENTRADA AGREGADA--TÍTULO RELACIONADO/ANALÍTICO NO CONTROLADO
Título relacionado o analítico no controlado Vinieron las lluvias.
740 0# - ENTRADA AGREGADA--TÍTULO RELACIONADO/ANALÍTICO NO CONTROLADO
Título relacionado o analítico no controlado Noche en Bombay.
740 0# - ENTRADA AGREGADA--TÍTULO RELACIONADO/ANALÍTICO NO CONTROLADO
Título relacionado o analítico no controlado Mis Parkington.
740 3# - ENTRADA AGREGADA--TÍTULO RELACIONADO/ANALÍTICO NO CONTROLADO
Título relacionado o analítico no controlado La selva.
740 3# - ENTRADA AGREGADA--TÍTULO RELACIONADO/ANALÍTICO NO CONTROLADO
Título relacionado o analítico no controlado El árbol de Bahía Verde.
740 0# - ENTRADA AGREGADA--TÍTULO RELACIONADO/ANALÍTICO NO CONTROLADO
Título relacionado o analítico no controlado Otoño precoz.
740 4# - ENTRADA AGREGADA--TÍTULO RELACIONADO/ANALÍTICO NO CONTROLADO
Título relacionado o analítico no controlado Una buena mujer.
740 3# - ENTRADA AGREGADA--TÍTULO RELACIONADO/ANALÍTICO NO CONTROLADO
Título relacionado o analítico no controlado La granja.
852 ## - LOCALIZACIÓN
Ubicación ES-MaACL
Número de control de estantería E-5104-06
Sublocalización o colección R.46426
Holdings
Estatus retirado Estado de pérdida Estado de daño No para préstamo Biblioteca de origen Biblioteca actual Ubicación en estantería Fecha de adquisición Fuente de adquisición Total de préstamos Signatura topográfica completa Código de barras Visto por última vez Precio de reemplazo Tipo de ítem Koha
        Biblioteca del Ateneo de Madrid Biblioteca del Ateneo de Madrid Depósito 2 17/01/2008     E-5104-06 1037904 23/02/2023 23/02/2023 Libro impreso